00510nam a2200169Ia 4500999001700000003000400017005001700021008004100038020001500079040000900094082002400103100002200127245009000149260003700239300001000276942005400286 c20343d20343OSt20200608143937.0190216s9999||||xx |||||||||||||| ||und|| a8121903475 coclc a324.25408309bJOH/P aJohari, J C91674 0aPattabhi Sitaramayyas History Of The Indian National Congress 1885-1947 /cJ C Johari bS Chand & Co,c1988.aNew Delhi: a440 p cBK2ddch324.25408309iJOH/Pk324.25408309mJOH/P